Statistics for SNL Cast Members - Season 1

Click here to take the quiz!

General Stats

  • This quiz has been taken 9 times
  • The average score is 6 of 9

Answer Stats

Popular Sketches/CharactersCast Member% Correct
Minute Mystery with Mike MendozaDan Aykroyd
86%
Samurai FutabaJohn Belushi
86%
Weekend UpdateChevy Chase
86%
Emily LitellaGilda Radner
86%
Looks at BooksJane Curtin
71%
The Killer BeesGarrett Morris
71%
SherryLaraine Newman
57%
Mr. Mike's "Impressions"Michael O'Donoghue
43%
Golden NeedlesGeorge Coe
14%

Score Distribution

Percentile by Number Answered

Percent of People with Each Score

Your Score History

You have not taken this quiz